书目信息 |
| 题名: |
中国近现代名家画集
|
|
| 作者: | 谢天赐 绘 | |
| 分册: | 谢天赐 | |
| 出版信息: | 天津 天津人民美术出版社 2012 |
|
| 页数: | 12, 155页 | |
| 开本: | 38cm | |
| 丛书名: | ||
| 单 册: | ||
| 中图分类: | J221 , J222.77 | |
| 科图分类: | ||
| 主题词: | 绘画--作品集--中国--近现代 , 写意画--花鸟画--作品集--中国--现代 | |
| 电子资源: | ||
| ISBN: | 978-7-5305-5195-0 | |
| 000 | 00743nam0 2200253 450 | |
| 001 | 339794 | |
| 005 | 20150608154041.87 | |
| 010 | @a978-7-5305-5195-0@b精装@dCNY300.00 | |
| 100 | @a20130514d2012 em y0chiy50 ea | |
| 101 | 0 | @achi |
| 102 | @aCN@b120000 | |
| 105 | @aa z 000yy | |
| 106 | @ad | |
| 200 | 1 | @a中国近现代名家画集@Azhong guo jin xian dai ming jia hua ji@i谢天赐@f谢天赐绘 |
| 210 | @a天津@c天津人民美术出版社@d2012 | |
| 215 | @a12, 155页@d38cm | |
| 512 | 1 | @a谢天赐@Axie tian ci |
| 606 | 0 | @a绘画@x作品集@y中国@z近现代 |
| 606 | 0 | @a写意画@x花鸟画@x作品集@y中国@z现代 |
| 690 | @aJ221@v5 | |
| 690 | @aJ222.77@v5 | |
| 701 | 0 | @a谢天赐@Axie tian ci@f(1948)@4绘 |
| 801 | 0 | @aCN@b卓展宏图@c20150525 |
| 905 | @dJ221@e156@f3 | |
| 中国近现代名家画集.谢天赐/谢天赐绘.-天津:天津人民美术出版社,2012 |
| 12, 155页;38cm |
| ISBN 978-7-5305-5195-0(精装):CNY300.00 |
| ● |
| 相关链接 |
|
|
|
|
正题名:中国近现代名家画集
索取号:J221/156
 
预约/预借
| 序号 | 登录号 | 条形码 | 馆藏地/架位号 | 状态 | 备注 |
| 1 | 864082 | 208640826 | 第一样本阅览室/ [索取号:J221/156] | 在馆 | |
| 2 | 864083 | 208640835 | 第一借阅区/ [索取号:J221/156] | 在馆 | |
| 3 | 864084 | 208640844 | 美术系资料室/ [索取号:J221/156] | 在馆 |